| 000 | 00791cab a2200241 4500 | ||
|---|---|---|---|
| 001 | WB3411-24 | ||
| 008 | 090401t1998 xxu||||| |||| 00| 0 eng d | ||
| 035 | _a(Sirsi) u85070 | ||
| 041 | _aeng | ||
| 245 | _aEnergy use | ||
| 260 | _c1998 | ||
| 350 | _a0 | ||
| 490 |
_aFinancial Times _v18 March 1998, 2(1) |
||
| 520 | _aIt was announced in the Budget that Sir Colin Marshall, president of the CBI is to lead a review studying whether and how instruments such as the energy tax should be introduced to curb carbon dioxide emissions associated with climate change. | ||
| 650 | _aBUDGET 1998 | ||
| 650 | _aCLIMATE CHANGE | ||
| 650 | _aCARBON DIOXIDE EMISSIONS | ||
| 650 | _aENERGY TAX | ||
| 650 | _aGREEN TAX | ||
| 690 |
_aEnvironment _96238 |
||
| 942 | _n0 | ||
| 948 | _c19/03/1998 | ||
| 999 |
_c53487 _d53487 |
||